000 01195nam a2200301Ia 4500
003 OSt
005 20200717161344.0
008 191128s1991 ck gr 000 0 spa d
020 _a9586013111
040 _aCO-JMCR
_cCO-JMCR
041 0 _aspa
082 0 4 _a330.9861 /
_bL865a
_223
100 1 _aLora, Eduardo,
_eeditor
_92270
245 1 0 _aApertura y modernización :
_blas reformas de los noventa /
_cEduardo Lora editor ; Hernán Beltz Peralta, Germán Botero de los Ríos, Fernando Botero Zea [y otros]
250 _aPrimera edición
260 _aBogotá :
_bTercer Mundo : Fedesarrollo,
_c1991.
300 _a298 páginas ;
_c20 cm.
490 0 _aEconomía colombiana
505 0 _aLa reforma laboral -- La reforma cambiaria -- La reforma financiera -- Infrastructura vial -- Reorganización del sector público
650 1 4 _aAjuste estructural
_97275
650 2 4 _aApertura económica
_92295
650 2 4 _aCambio exterior
_zColombia
_97472
650 2 4 _aReforma financiera
_zColombia
_97473
700 1 _aBeltz Peralta, Hernán,
_eautor
_97474
700 1 _aBotero de los Ríos, Germán,
_eautor
_97475
700 1 _aBotero Zea, Fernando,
_eautor
_97476
942 _2ddc
_cBK
999 _c5694
_d5694